[Event "La Pampa op"]
[Site "La Pampa"]
[Date "2022.03.05"]
[Round "4"]
[White "Llanos, Joaquin"]
[Black "Romanazzi, Federico"]
[Result "1/2-1/2"]
[WhiteElo "1872"]
[BlackElo "1822"]
[PlyCount "62"]
[EventDate "2022.03.04"]
[EventType "swiss"]
[EventRounds "7"]
[EventCountry "ARG"]
[SourceTitle "CBM 207 Extra"]
[Source "ChessBase"]
[SourceDate "2022.05.31"]
[SourceVersion "1"]
[SourceVersionDate "2022.05.31"]
[SourceQuality "1"]

1. e4 e6 2. Nf3 d5 3. e5 c5 4. b4 cxb4 5. d4 Nc6 6. a3 f6 7. axb4 Bxb4+ 8. c3 Bf8 9. Ba3 Bxa3 10. Nxa3 Nh6 11. Nb5 fxe5 12. dxe5 Nf7 13. Bd3 0-0 14. 0-0 a6 15. Qe2 Rb8 16. Nbd4 Nxd4 17. Nxd4 Nh6 18. f4 g6 19. Rf3 Rf7 20. Raf1 Bd7 21. Rh3 Qf8 22. Qd2 Nf5 23. Bxf5 gxf5 24. Qf2 Qe7 25. Nf3 Rg7 26. Ng5 Be8 27. Qb6 Bc6 28. Rh6 d4 29. g3 Rxg5 30. fxg5 Qxg5 31. Rxe6 Qe3+ 1/2-1/2

[Event "ARG-ch Seniors 50"]
[Site "Buenos Aires"]
[Date "2021.12.11"]
[Round "6"]
[White "Romanazzi, Federico"]
[Black "Jabie, Rafael"]
[Result "0-1"]
[WhiteElo "1807"]
[BlackElo "2062"]
[PlyCount "56"]
[EventDate "2021.12.08"]
[EventType "swiss"]
[EventRounds "7"]
[EventCountry "ARG"]
[SourceTitle "CBM 205 Extra"]
[Source "ChessBase"]
[SourceDate "2022.01.31"]
[SourceVersion "1"]
[SourceVersionDate "2022.01.31"]
[SourceQuality "1"]

1. f4 g6 2. Nf3 Bg7 3. g3 d6 4. d3 e5 5. e4 Nc6 6. Bg2 Nge7 7. Nc3 0-0 8. 0-0 f5 9. fxe5 dxe5 10. exf5 gxf5 11. Bd2 Qd6 12. Kh1 a6 13. Nh4 Be6 14. Rf2 Nd4 15. Bg5 Nd5 16. Qd2 Rf7 17. Raf1 Raf8 18. Nxd5 Bxd5 19. Bxd5 Qxd5+ 20. Kg1 f4 21. gxf4 h6 22. Ng6 hxg5 23. fxg5 Rxf2 24. Ne7+ Kh8 25. Qxf2 Rxf2 26. Nxd5 Rxf1+ 27. Kxf1 c6 28. Ne7 Nf3 0-1

[Event "ARG-ch Seniors 50"]
[Site "Coronel Pringles"]
[Date "2019.12.15"]
[Round "5.9"]
[White "Nieto, Sebastian"]
[Black "Romanazzi, Federico"]
[Result "1-0"]
[WhiteElo "2088"]
[BlackElo "1791"]
[PlyCount "91"]
[EventDate "2019.12.13"]
[EventType "swiss"]
[EventRounds "7"]
[EventCountry "ARG"]
[SourceTitle "EXT 2024"]
[Source "ChessBase"]
[SourceDate "2023.10.10"]
[SourceVersion "1"]
[SourceVersionDate "2023.10.10"]
[SourceQuality "1"]

1. e4 e6 2. d4 d5 3. e5 c5 4. c3 Qb6 5. Nf3 Bd7 6. Be2 Nc6 7. 0-0 f6 8. Re1 fxe5 9. dxe5 Nge7 10. Bd3 g6 11. Na3 c4 12. Bxc4 Nf5 13. Bd3 Bxa3 14. bxa3 Qc5 15. Bb2 Na5 16. Nd4 Nc4 17. Bc1 0-0-0 18. Nb3 Qe7 19. Bxc4 dxc4 20. Nd4 Kb8 21. Rb1 Nxd4 22. Qxd4 Bc6 23. Qxc4 Rc8 24. Qb4 Qxb4 25. cxb4 Bb5 26. Rb2 Rhd8 27. Be3 b6 28. h3 Rd5 29. g3 Kb7 30. Bf4 Rcd8 31. Rbb1 Ba4 32. Bg5 R8d7 33. Rbc1 Rd3 34. Bh6 Rd8 35. Bg5 R8d7 36. h4 Rxa3 37. Re2 Rd5 38. Be7 Rad3 39. Ree1 Rd2 40. Bd6 Bc6 41. a4 a6 42. Rf1 h5 43. Kh2 Ra2 44. Rc3 Rdd2 45. Kg1 Rxa4 46. Rfc1 1-0

[Event "Coronel Pringles U2200 2nd"]
[Site "Coronel Pringles"]
[Date "2017.09.09"]
[Round "3.4"]
[White "Miravent, Pablo"]
[Black "Romanazzi, Federico"]
[Result "1-0"]
[WhiteElo "2035"]
[BlackElo "1877"]
[PlyCount "41"]
[EventDate "2017.09.08"]
[EventType "swiss"]
[EventRounds "7"]
[EventCountry "ARG"]
[SourceTitle "EXT 2024"]
[Source "ChessBase"]
[SourceDate "2023.10.10"]
[SourceVersion "1"]
[SourceVersionDate "2023.10.10"]
[SourceQuality "1"]

1. e4 c5 2. Nf3 g6 3. d4 cxd4 4. Nxd4 Nc6 5. Nc3 Nf6 6. Bc4 Qa5 7. Nb3 Qb4 8. Qe2 Ne5 9. Bb5 a6 10. a3 Qd6 11. f4 axb5 12. fxe5 Qxe5 13. 0-0 b4 14. Nb5 Kd8 15. Bf4 Qxe4 16. Bc7+ Ke8 17. Nd6+ exd6 18. Qf2 Be7 19. Rae1 Qxe1 20. Rxe1 Kf8 21. Bxd6 1-0